| 000 | 01233nam a2200229Ia 4500 | ||
|---|---|---|---|
| 001 | L266-21403 | ||
| 003 | IT-CnALBA | ||
| 008 | 170116s9999||||xx |||||||||||||| ||und|| | ||
| 040 |
_aIT-CnALBA _cIT-CnALBA |
||
| 041 | _aITALIANO | ||
| 100 | _aSENZA AUTORE | ||
| 245 | 0 | _aL'OPERA DELLA PROPAGAZIONE DELLA FEDE. SUA NATURA STORIA BENEFICI. | |
| 250 | _a1a ed. | ||
| 260 |
_aTORINO _bARNEODO GIACOMO. TIPOGR. VESC. TORINO _c1914 [1° Ed.:1914 - Ed.Ling.Originale: 1914] |
||
| 300 | _a108 p. | ||
| 500 | _aNATURA DELL'OPERA. PROPAGAZIONE DELLA FEDE. S. INFANZIA. ORIGINI E PROGRESSI. BENEFICI DEGLI ISTITUTI MISSIONARI. ALLE GENTI PAGANE. ALLA SOCIETÀ CRISTIANA. APPENDICE. RESOCONTO DEL PADRE MANNA. IMPULSO DEL PAPA E VESCOVI. COOPERAZIONE SPIRITUALE ED ECONO | ||
| 501 | _aSocietà San Paolo EM - Piazza San Paolo, 14 - 12051 ALBA (CN) (non commercial uses only) ® Copyright 2017 | ||
| 520 | _aNATURA DELL'OPERA. PROPAGAZIONE DELLA FEDE. S. INFANZIA. ORIGINI E PROGRESSI. BENEFICI DEGLI ISTITUTI MISSIONARI. ALLE GENTI PAGANE. ALLA SOCIETÀ CRISTIANA. APPENDICE. RESOCONTO DEL PADRE MANNA. IMPULSO DEL PAPA E VESCOVI. COOPERAZIONE SPIRITUALE ED ECONO | ||
| 650 | _aMISSIONOLOGIA | ||
| 942 | _cBK | ||
| 957 | _71 | ||
| 999 |
_a26143 _bSI _g Copie: 1 _c280506 _d280506 |
||